000 00313nam a2200121 i 4500
001 bg
245 0 _aVI Krajowa konferencja.Postępy w teorii i technice obróbki materiałów.Sekcja1.
260 _aKraków,
_c1990.
040 _cBPK
041 _apol
942 _cKS
008 s pl f |000 0 pol
999 _c29076
_d29076
856 _uhttp://koha.tu.koszalin.pl/cgi-bin/koha/opac-detail.pl?biblionumber=29076
_yKatalog online BPK